|
|
|
|
| LEADER |
00000nab a2200000 ar4500 |
| 001 |
vtls009008269 |
| 003 |
SK-MaSNL |
| 005 |
20260303065513.0 |
| 008 |
170922c2006 xo mr|p|||||||000 b|slo |
| 038 |
|
|
|a SNSK
|
| 040 |
|
|
|b slo
|c SNSK
|e AACR2
|
| 041 |
|
|
|a slo
|
| 044 |
|
|
|a xo
|c SK
|
| 080 |
|
|
|a 656.132
|2 1997
|
| 080 |
|
|
|a 656.216.3
|2 2001
|
| 245 |
0 |
0 |
|a Budujú autobusové čakárne
|c [autor](pak)
|
| 300 |
|
|
|b Fotogr.
|
| 650 |
0 |
7 |
|a autobusové čakárne
|2 snsk
|9 1065644
|
| 651 |
|
7 |
|a Hnilčík (Slovensko)
|2 snsk
|9 58988
|
| 651 |
|
7 |
|a Gelnica (Slovensko : okres)
|2 snsk
|9 168677
|
| 773 |
0 |
|
|t Spišské hlasy
|g Roč. VII., č. 38 (2006), s. 1
|
| 852 |
|
|
|a SNSK
|b KIS3GCP
|
| 999 |
|
|
|c 1751457
|d 1753387
|